| Tag |
First Indicator |
Second Indicator |
Subfields |
| LEADER |
00000cas a2200000 a 4500 |
| 001 |
in00001584635 |
| 005 |
20240819101818.0 |
| 008 |
050802c199u9999pl uu 0 b0pol c |
| 010 |
|
|
|a 2005248158
|
| 016 |
7 |
|
|a 984890009
|2 DE-101
|
| 016 |
7 |
|
|a 2376754-6
|2 DE-600
|
| 019 |
|
|
|a 507548236
|
| 022 |
|
|
|a 1508-4310
|
| 029 |
1 |
|
|a AU@
|b 000028016770
|
| 029 |
1 |
|
|a GEBAY
|b 9758460
|
| 029 |
1 |
|
|a GWDNB
|b 984890009
|
| 029 |
1 |
|
|a GBVCP
|b 537445846
|
| 035 |
|
|
|a (OCoLC)ocm61191172
|
| 035 |
|
|
|a (OCoLC)61191172
|z (OCoLC)507548236
|
| 035 |
|
|
|a (OCoLC)ocm61191172
|
| 040 |
|
|
|a NYP
|b eng
|c NYP
|d HUL
|d GBVCP
|d GWDNB
|d OCLCQ
|d ZCU
|d OCLCF
|
| 042 |
|
|
|a pcc
|
| 043 |
|
|
|a e-pl---
|
| 110 |
2 |
|
|a Muzeum Narodowe w Krakowie.
|
| 245 |
1 |
0 |
|a Sprawozdania Muzeum Narodowego w Krakowie.
|
| 246 |
3 |
0 |
|a Sprawozdania
|
| 260 |
|
|
|a Kraków :
|b Muzeum Narodowe w Krakowie
|
| 300 |
|
|
|a v. :
|b ill. (some col.) ;
|c 28 cm.
|
| 580 |
|
|
|a Continues in part: Rozprawy i sprawozdania Muzeum Narodowego w Krakowie.
|
| 588 |
|
|
|a Description based on: Seria nowa, t. 2 (1996-1997/1998), published in 2004.
|
| 610 |
2 |
0 |
|a Muzeum Narodowe w Krakowie
|v Periodicals.
|
| 610 |
2 |
7 |
|a Muzeum Narodowe w Krakowie.
|2 fast
|0 (OCoLC)fst00517288
|
| 655 |
|
7 |
|a Periodicals.
|2 fast
|0 (OCoLC)fst01411641
|
| 780 |
1 |
1 |
|t Rozprawy i sprawozdania Muzeum Narodowego w Krakowie
|x 0137-5695
|w (DLC) 60034620
|w (OCoLC)4118217
|
| 948 |
|
|
|h NO HOLDINGS IN TXA - 8 OTHER HOLDINGS
|
| 994 |
|
|
|a Z0
|b TXA
|
| 999 |
f |
f |
|s e680c260-d18d-3f75-baab-5d26d75d0047
|i 263374ff-e0f7-3bc9-9c70-56e0f816fbac
|t 0
|
| 952 |
f |
f |
|p ric
|a Texas A&M University
|b Rellis Campus
|c Joint Library Facility
|d Remote Storage
|t 0
|e AM101 .K7432
|h Library of Congress classification
|i unmediated -- volume
|k t.11
|l 1976
|m A14827103559
|
| 998 |
f |
f |
|a AM101 .K7432
|s t.11 (1976)
|t 0
|l Remote Storage
|